Personal de las corporaciones locales : su estatuto jurídico / Carmelo Abellán su estatuto jurídico / Carmelo Abellán
ISBN:
84-7088-098-5
Descripción Física:
462 p. ; 21 cm
MARC
| LEADER | 00000nam a2200000Ia 4500 | ||
|---|---|---|---|
| 001 | 14207 | ||
| 008 | 160829s1973 xx 000 0 cat d | ||
| 020 | |a 84-7088-098-5 | ||
| 080 | |a M-4-169 | ||
| 100 | |a Abellán, Carmelo |9 22259 | ||
| 245 | |a Personal de las corporaciones locales : |b su estatuto jurídico / Carmelo Abellán | ||
| 260 | |a Madrid : |b Instituto de Estudios de Administración Local, |c 1973 | ||
| 300 | |a 462 p. ; |c 21 cm | ||
| 590 | |a Notes | ||
| 650 | |a Funcionaris i empleats locals |x Dret i legislació |x Espanya |9 23149 | ||
| 710 | 2 | |a Instituto de Estudios de Administración Local (Espanya) |9 54775 | |
| 901 | |a Arxiu | ||
| 942 | |n 1 | ||
| 952 | |0 0 |1 0 |4 0 |6 M4169 |7 1 |9 42142 |a Arxiu |b Arxiu |d 2016-12-01 |l 0 |o M-4-169 |p 14207 |r 2016-12-01 00:00:00 |w 2016-12-01 |y ARXIU | ||
| 999 | |c 44589 |d 44589 | ||